[Event "5. Magistral da Hebraica 2008"]
[Site "Sao Paulo BRA"]
[Date "2008.04.14"]
[Round "9.5"]
[White "Coelho, Luis Henrique"]
[Black "Rodi, Luis Ernesto"]
[Result "0-1"]
[WhiteElo "2392"]
[BlackElo "2340"]
[PlyCount "124"]
[EventDate "2008.04.06"]
[EventType "tourn"]
[EventRounds "9"]
[EventCountry "BRA"]
[EventCategory "9"]
[Source "lmi"]
[SourceDate "2008.04.06"]

1. d4 Nf6 2. c4 e6 3. g3 c5 4. d5 exd5 5. cxd5 b5 6. Bg2 d6 7. Nh3 g6 8. O-O
Bg7 9. f4 O-O 10. Nf2 Nbd7 11. e4 a5 12. Nd2 Re8 13. Re1 Nb6 14. Rb1 Ra7 15.
Nf1 Rae7 16. e5 Bb7 17. Ne3 dxe5 18. d6 Rd7 19. fxe5 Rxe5 20. Bxb7 Rxb7 21. Nd3
Nfd7 22. Nxe5 Nxe5 23. Ng4 Nxg4 24. Qxg4 Bd4+ 25. Be3 Qxd6 26. Bxd4 cxd4 27.
Re8+ Kg7 28. Qg5 Nc4 29. b3 f6 30. Qg4 Ne3 31. Rg8+ Kxg8 32. Qc8+ Qf8 33. Qxb7
Qc5 34. Qe4 Kg7 35. Qd3 h5 36. Qd2 h4 37. Rc1 Qd5 38. gxh4 Qe4 39. Qf2 Kh6 40.
Re1 Kg7 41. Rc1 Nf5 42. Re1 Qg4+ 43. Kh1 d3 44. Qa7+ Kh6 45. Qf2 Kh5 46. Rg1
Qe4+ 47. Qg2 Nd6 48. Rd1 d2 49. Kg1 Qd4+ 50. Kf1 Ne4 51. Qf3+ Kxh4 52. Qf4+ Kh5
53. Kg2 f5 54. h4 Qd3 55. Qf3+ Qxf3+ 56. Kxf3 Kxh4 57. a4 bxa4 58. bxa4 Kg5 59.
Rg1+ Kf6 60. Ke3 Ke5 61. Ke2 f4 62. Rxg6 f3+ 0-1